000 00820cam8a220025300 4500
001 lce00000147
008 750922c19751959ctu b 000 0 eng
010 _a 75031816 //r89
020 _a0837184517
035 _a(Sirsi) r81108
035 _a(DLC) 75031816 //r89
035 _a(UPRA)lce00000147
040 _dOCoLC
_dUPRA
050 1 _aLAW
082 _a340.5/9
100 _a1 a8.1..1.18 q8.1..20.25
_cSir, d8.1..46.5
_6A4635.1
245 1 0 _aIslamic law in the modern world /
_cJ.N.D. Anderson.
260 _aWestport, CT :
_bGreenwood Press,
_c1975, c1959.
500 _aReprint of the ed. published by New York University Press, New York.
504 _aBibliography: p. 101-106.
650 0 _aIslamic law.
_6S29733.1
949 _aLAW
_wlcc
_i33729001457808
_mMAIN
_p2500
_tBOOK
_lON-SHELF
004 81108
999 _c81555
_d81555